| 000 | 00000nam##2200000za#4500 |
| 001 | 9.600762 |
| 003 | CaOODSP |
| 005 | 20210624205736 |
| 007 | cr ||||||||||| |
| 008 | 150406|2004||||xxc|||||o f|0| 0 fre|d |
| 040 | |aCaOODSP|bfre |
| 043 | |an-cn--- |
| 086 | 1 |aNH18-1-2/113-2004F-PDF |
| 110 | 2 |aSociété canadienne d'hypothèques et de logement. |
| 245 | 13|aLa requalification de la banlieue et ses cadres réglementaires : |h[ressource électronique]|bsituation actuelle et mesures d'assouplissement, rapport final / |c[par] Geneviève Vachon et Carole Després ; en collaboration avec Sergio Avellan H., David Paradis et Nidia Pérez. |
| 260 | |aOttawa - Ontario : |bSociété canadienne d'hypothèques et de logement |cDécembre 2004. |
| 300 | |a56p.|bfigures (certaines en couleur), références, tableaux, photographies |
| 490 | 1 |aRapport de recherche |
| 546 | |a(Summary in English.) |
| 590 | |a11-25-Supp|b2011-10-31 |
| 720 | 1 |aVachon, Geneviève |
| 720 | 1 |aDesprés, Carole |
| 720 | 1 |aAvellan H., Sergio |
| 720 | 1 |aParadis, David |
| 720 | 1 |aPérez, Nidia |
| 830 | #0|aResearch report (Société canadienne d'hypothèques et de logement : En ligne)|w(CaOODSP)9.502470 |
| 856 | 40|ahttp://publications.gc.ca|qPDF|s2.82 Mo|uhttps://publications.gc.ca/collections/collection_2011/schl-cmhc/nh18-1-2/NH18-1-2-113-2004-fra.pdf |